000 00888nam a22001817a 4500
999 _c61575
_d61575
005 20240326103917.0
008 240326c2001 ru ||||| |||| 00| 0 geo d
022 _a1512-0414
041 _ageo
245 _aწინაქრისტიანული ხანის ქართული ხელოვნება : არქეოლოგიური ჟურნალი :
_b2001. მეორე სამეცნიერო სესია. დამატება 1. /
_cმთავარი რედაქტორი ზ. ბრაგვაძე.
260 _aთბილისი,
_c2001.
300 _aV.
653 _aქართული ხელოვნება
653 _aპერიოდიკა
653 _aარქეოლოგია
700 _aბრაგვაძე, ზ.
_eრედაქტორი
_918273
942 _2udc
_cCR